000
00289 a2200121 4500
001
63665
082
_a
624.17 POP
090
_c
37665
_d
37665
100
_a
Popov Egor.P
245
_a
Introduction to Mechanics of Solids
_h
English
260
_a
NJ
_b
Prentice Hall
_c
1968
300
_b
571p
942
_a
NUST-CAE
_k
624.17 POP
999
_c
298738
_d
298738